000
00241nam a2200097Ia 4500
005
20251222114351.0
008
251222s1900||||xx |||||||||||||| ||spa||
082
_a
DVD0124/L65/2001
245
0
_a
Elevation 2001: U2 Live From Boston:
942
_c
DVD
999
_c
1245
_d
1245